| 000 | 01914nam0a2200349 4500 | ||
|---|---|---|---|
| 001 | RU\NLR\BIBL_A\012873522 | ||
| 005 | 20221014162112.0 | ||
| 010 |
_a978-5-222-36593-9 _95000 |
||
| 021 |
_aRU _bКН-П-22-042369 _9КН-П-22-3664 |
||
| 035 | _a(NLR Aleph) 012873522 | ||
| 035 | _a(RuMoRGB)011127213 | ||
| 090 |
_a12496883 _c12496883 |
||
| 100 | _a20220823d2022 u y0rusy50 ca | ||
| 101 | 1 |
_arus _ceng |
|
| 102 | _aRU | ||
| 105 | _ay z 000ay | ||
| 181 | 0 |
_ai4 _baxxe |
|
| 182 | 0 | _an | |
| 200 | 1 |
_aСтранствующий Цирк Вампиров _fРичард Лаймон _gперевод [с английского] Александры Мироновой |
|
| 203 |
_aТекст _bвизуальный _cнепосредственный |
||
| 210 |
_aРостов-на-Дону _cФеникс _d2022 |
||
| 215 |
_a445, [1] с. _d22 |
||
| 225 | 1 | _aСерия "Легендарные премии" | |
| 330 | _aЛето 1963 года. Странствующий Цирк Вампиров привозит в небольшой городок Грендвилль великолепную, завораживающую и... смертоносную Валерию. Она - последняя из рода вампиров. Три подростка готовы отдать все, чтобы попасть на необычное шоу в обход правила: "Только для совершеннолетних". Попасть на шоу трудно, но после его окончания вернуться домой еще сложнее | ||
| 333 | _a18+ | ||
| 686 | 1 | _aШ6(7США)67-445{Лх1979-62} | |
| 700 | 1 |
_7ca _8rus _aЛаймон _bР. _f1947-2001 _gРичард _9111565 _3RU\NLR\AUTH\771543 |
|
| 942 | _cBOOK | ||
| 980 | _aNB | ||